West Bromwich Albion Squad 2017-2018 - Statistics

General Stats
  • This quiz has been taken 10 times
  • The average score is 13 of 29
Answer Stats
# Position Nation Player % Correct
9 FW Venezuela Salomón Rondón
100%
1 GK England Ben Foster
88%
2 DF Cameroon Allan Nyom
75%
5 MF Argentina Claudio Yacob
75%
4 FW Wales Hal Robson-Kanu
75%
7 MF Scotland James Morrison
75%
26 DF Egypt Ahmed Hegazy
63%
11 MF Northern Ireland Chris Brunt
63%
23 DF Northern Ireland Gareth McAuley
63%
20 MF Poland Grzegorz Krychowiak
63%
10 FW Scotland Matt Phillips
63%
- Coach Jamaica Darren Moore
50%
8 MF England Jake Livermore
50%
6 DF Northern Ireland Jonny Evans
50%
3 DF England Kieran Gibbs
50%
- Coach Wales Tony Pulis
50%
- Coach England Alan Pardew
38%
13 GK Wales Boaz Myhill
38%
14 FW Ireland James McClean
38%
45 FW England Jonathan Leko
38%
25 DF England Craig Dawson
25%
15 FW England Daniel Sturridge
25%
19 FW England Jay Rodriguez
25%
22 FW Belgium Nacer Chadli
25%
16 DF Egypt Ali Gabr
13%
18 MF England Gareth Barry
13%
17 FW Scotland Oliver Burke
13%
- Coach England Gary Megson
0%
28 MF England Sam Field
0%
No matching quizzes found
Score Distribution
Percent of People with Each Score
Percentile by Number Answered
Your Score History
You have not taken this quiz